El P. Las Casas desde nuestra época / (Record no. 168939)

MARC details
000 -LEADER
campo de control de longitud fija 00924nam a2200217 i 4500
001 - NÚMERO DE CONTROL
campo de control 168939
003 - IDENTIFICADOR DE NÚMERO DE CONTROL
campo de control ES-MaACL
005 - FECHA Y HORA DE LA ÚLTIMA TRANSACCIÓN
campo de control 20250730081743.0
008 - DATOS DE LONGITUD FIJA--INFORMACIÓN GENERAL
campo de control de longitud fija 080626s1966 sp |||| | spa d
080 ## - NÚMERO DE LA CLASIFICACIÓN DECIMAL UNIVERSAL
Número de la Clasificación Decimal Universal 929 Casas, Bartolomé de las
100 1# - ENTRADA PRINCIPAL--NOMBRE DE PERSONA
Nombre de persona Pérez de Tudela y Bueso, Juan,
Fechas asociadas al nombre 1922-2004
9 (RLIN) 90810
245 13 - MENCIÓN DEL TÍTULO
Título El P. Las Casas desde nuestra época /
Mención de responsabilidad, etc. Juan Pérez de Tudela Bueso.
260 ## - PUBLICACIÓN, DISTRIBUCIÓN, ETC.
Lugar de publicación, distribución, etc. Santander :
Nombre del editor, distribuidor, etc. Universidad Internacional Menéndez Pelayo,
Fecha de publicación, distribución, etc. 1966.
300 ## - DESCRIPCIÓN FÍSICA
Extensión 37 p. ;
Dimensiones 19 cm.
490 1# - MENCIÓN DE SERIE
Mención de serie Publicaciones de la Universidad Internacional Menéndez Pelayo ;
Designación de volumen o secuencia 26
600 17 - PUNTO DE ACCESO ADICIONAL DE MATERIA--NOMBRE DE PERSONA
Nombre de persona Casas, Bartolomé de las,
Fechas asociadas al nombre 1474-1566
Fuente del encabezamiento o término embne
9 (RLIN) 140251
710 2# - ENTRADA AGREGADA--NOMBRE DE ENTIDAD CORPORATIVA
Nombre de entidad corporativa o nombre de jurisdicción como elemento de entrada Universidad Internacional Menéndez Pelayo.
9 (RLIN) 7384
830 0# - PUNTO DE ACCESO ADICIONAL DE SERIE-TÍTULO UNIFORME
Título uniforme Publicaciones de la Universidad Internacional Menéndez Pelayo ;
Designación de volumen o secuencia 26
9 (RLIN) 188831
852 ## - LOCALIZACIÓN
Ubicación ES-MaACL
Número de control de estantería 2241-F-6
Nota libre . - Biblioteca Jacinto Martínez Lacalle
Holdings
Estatus retirado Estado de pérdida Estado de daño No para préstamo Colección Biblioteca de origen Biblioteca actual Ubicación en estantería Fecha de adquisición Fuente de adquisición Total de préstamos Signatura topográfica completa Código de barras Visto por última vez Precio de reemplazo Tipo de ítem Koha
        Colección de folletos Biblioteca del Ateneo de Madrid Biblioteca del Ateneo de Madrid Depósito folletos 26/06/2008     2241-F-6 1177307 23/02/2023 23/02/2023 Folleto